Biological science
This book helps its readers learn to think like biologists and gives them the tools they need for success in understanding more advanced subjects. A nine-part organization covers topics under the general headings of: the origin and early evolution of life, cell functions, gene structure and expressi...
保存先:
| 第一著者: | |
|---|---|
| フォーマット: | 図書 |
| 言語: | Undetermined |
| 出版事項: |
New York
Prentice Hall
2002
|
| 主題: | |
| タグ: |
タグ追加
タグなし, このレコードへの初めてのタグを付けませんか!
|
| Thư viện lưu trữ: | Trung tâm Học liệu Trường Đại học Cần Thơ |
|---|
| LEADER | 00917nam a2200193Ia 4500 | ||
|---|---|---|---|
| 001 | CTU_192107 | ||
| 008 | 210402s9999 xx 000 0 und d | ||
| 082 | |a 570 | ||
| 082 | |b F855 | ||
| 100 | |a Freeman, Scott | ||
| 245 | 0 | |a Biological science | |
| 245 | 0 | |c Scott Freeman. | |
| 260 | |a New York | ||
| 260 | |b Prentice Hall | ||
| 260 | |c 2002 | ||
| 520 | |a This book helps its readers learn to think like biologists and gives them the tools they need for success in understanding more advanced subjects. A nine-part organization covers topics under the general headings of: the origin and early evolution of life, cell functions, gene structure and expression, developmental biology, evolutionary patterns and processes, the diversification of life, how plants work, how animals work, and ecology | ||
| 650 | |a Sinh học,Biology. | ||
| 904 | |i Tuyến | ||
| 980 | |a Trung tâm Học liệu Trường Đại học Cần Thơ | ||